Análisis longitudinal de la comorbilidad entre depresión y agresión : cronicidad y severidad en sujetos de 11 a 13 años (Record no. 164208)

MARC details
000 -CABECERA
campo de control de longitud fija 00722nab a2200241 a 4500
005 - FECHA Y HORA DE LA ÚLTIMA TRANSACCIÓN
campo de control 20210219161809.0
008 - ELEMENTOS DE LONGITUD FIJA--INFORMACIÓN GENERAL
campo de control de longitud fija 991125s1985 mx 000 0 spa u
035 ## - NÚMERO DE CONTROL DEL SISTEMA
Número de control de sistema UPN01000192105
100 1# - ASIENTO PRINCIPAL--NOMBRE PERSONAL
Nombre de persona Gordillo, Rodolfo
222 ## - TÍTULO CLAVE
Título clave INTERDISCIPLINARIA
245 ## - MENCIÓN DE TÍTULO
Título Análisis longitudinal de la comorbilidad entre depresión y agresión : cronicidad y severidad en sujetos de 11 a 13 años
260 ## - PUBLICACIÓN, DISTRIBUCIÓN, ETC.
Lugar de publicación, distribución, etc. Buenos Aires, Argentina
300 ## - DESCRIPCIÓN FÍSICA
Extensión 165-185
362 0# - FECHAS DE PUBLICACIÓN Y/O DESIGNACIÓN SECUENCIAL
Fecha de publicación y/o designación secuencial 2012 Vol. 29, no. 1
653 0# - TERMINO DE INDIZACION - NO CONTROLADO
Término no controlado DEPRESION
653 0# - TERMINO DE INDIZACION - NO CONTROLADO
Término no controlado AGRESION
653 0# - TERMINO DE INDIZACION - NO CONTROLADO
Término no controlado ADOLESCENTES
700 1# - ASIENTO SECUNDARIO--NOMBRE DE PERSONAL
Nombre de persona Del Barrio Gandar, María Victoria,
700 1# - ASIENTO SECUNDARIO--NOMBRE DE PERSONAL
Término indicativo de función/relación coaut.
700 1# - ASIENTO SECUNDARIO--NOMBRE DE PERSONAL
Nombre de persona Carrasco, Miguel Angel,
700 1# - ASIENTO SECUNDARIO--NOMBRE DE PERSONAL
Término indicativo de función/relación coaut.
905 ## - TIPO DE MATERIAL
Tipo de material Articulo

No items available.